000
00314cam a22001217a 4500
008
180718b1989 xxu||||| |||| 00| 0 eng d
082
_a
A98 G346
100
_a
Ghosh, S.K.
245
_a
Police administrators: reminiscences
_c
by S.K. Ghosh
260
_a
Delhi
_b
Ashish
_c
1989
300
_a
209p.
650
_a
Biography
999
_c
345116
_d
345116